000 01085nam a22002897i 4500
999 _c23383
_d23383
003 AR-CdUCM
008 250901b20152015 pe||||| |||| 00| 0 spa d
040 _aMUNICIPALIDAD PROVINCIAL DEL CUSCO
_cBIBLIOTECA MUNICIPAL DEL CUSCO
041 _hspa
082 _a302 / M31
_bM31
100 _aMaxi Apaza, Marcelino
_951463
245 _aRelaciones Humanas /
260 _aSicuani-Cusco :
_bAutor-Editor imprenta Liwi
_c2015
300 _a81 páginas. :
_c21x15 cm.
500 _zPágina 81
505 _aProceso de comunicación -- La comunicación como base de las relaciones humanas -- La lengua y el habla -- Las relaciones humanas en el trabajo -- La comunicación asertiva -- La comunicación afectiva
650 _aRelaciones humanas
_99912
650 _aComunicación humana
_951464
650 _aLa lengua
_99174
650 _aEl habla
_935497
650 _aPapel del diálogo
_951465
650 _aComunicacion asertiva
_951466
700 _aSuca Ramos, Hilario
_922845
700 _aMamani Champi, Cirila
_951467
942 _2ddc
_cLIBROS
945 _apbjr
_d1-09-2025